[Event "Stay Safe Play From Home 287"]
[Site "Emanuel Lasker Arena"]
[Date "2020.07.08"]
[Round "9"]
[White "Jhhonnyy"]
[Black "Haxhi Baha"]
[Result "1-0"]
[WhiteElo "2335"]
[BlackElo "1998"]
[Annotator "RC"]
[PlyCount "89"]
[EventDate "2020.07.08"]
[EventType "swiss (blitz)"]

1. d4 {[%emt 0:00:02]} d5 {[%emt 0:00:01]} 2. c4 {[%emt 0:00:01]} e5 {[%emt 0:00:01]} 3. dxe5 {[%emt 0:00:01]} d4 {[%emt 0:00:00]} 4. Nf3 {[%emt 0:00:00]} Nc6 {[%emt 0:00:00]} 5. a3 {[%emt 0:00:00]} Nge7 {[%emt 0:00:01]} 6. b4 {[%emt 0:00:01]} Ng6 {[%emt 0:00:00]} 7. Bb2 {[%emt 0:00:01]} Bg4 {[%emt 0:00:01]} 8. Nbd2 {[%emt 0:00:01]} Qd7 {[%emt 0:00:03]} 9. h3 {[%emt 0:00:02]} Bxf3 {[%emt 0:00:01]} 10. Nxf3 {[%emt 0:00:00]} O-O-O {[%emt 0:00:01]} 11. Rc1 {[%emt 0:00:05]} Ngxe5 {[%emt 0:00:03]} 12. Nxe5 {[%emt 0:00:02]} Nxe5 {[%emt 0:00:00]} 13. c5 {[%emt 0:00:01]} Be7 {[%emt 0:00:04]} 14. g4 {[%emt 0:00:01]} h5 {[%emt 0:00:01]} 15. gxh5 {[%emt 0:00:04]} Qf5 {[%emt 0:00:02]} 16. Bg2 {[%emt 0:00:03]} d3 {[%emt 0:00:02]} 17. O-O {[%emt 0:00:03]} Rxh5 {[%emt 0:00:04]} 18. Bxe5 {[%emt 0:00:03]} Qxe5 {[%emt 0:00:01]} 19. exd3 {[%emt 0:00:01]} Rg5 {[%emt 0:00:06]} 20. Rc4 {[%emt 0:00:02]} Rh8 {[%emt 0:00:05]} 21. Rg4 {[%emt 0:00:01]} Qf5 {[%emt 0:00:06]} 22. Rxg5 {[%emt 0:00:01]} Bxg5 {[%emt 0:00:01]} 23. Qg4 {[%emt 0:00:01]} Qxg4 {[%emt 0:00:01]} 24. hxg4 {[%emt 0:00:00]} Bf4 {[%emt 0:00:01]} 25. Re1 {[%emt 0:00:00]} Kd7 {[%emt 0:00:01]} 26. Re4 {[%emt 0:00:02]} Bg5 {[%emt 0:00:02]} 27. Re5 {[%emt 0:00:01]} f6 {[%emt 0:00:01]} 28. Rd5+ {[%emt 0:00:02]} Kc8 {[%emt 0:00:01]} 29. Rd4 {[%emt 0:00:01]} c6 {[%emt 0:00:00]} 30. Re4 {[%emt 0:00:01]} Rd8 {[%emt 0:00:01]} 31. d4 {[%emt 0:00:00]} Kc7 {[%emt 0:00:01]} 32. Re7+ {[%emt 0:00:01]} Kc8 {[%emt 0:00:00]} 33. d5 {[%emt 0:00:03]} cxd5 {[%emt 0:00:01]} 34. Rxg7 {[%emt 0:00:00]} d4 {[%emt 0:00:00]} 35. Bf3 {[%emt 0:00:01]} d3 {[%emt 0:00:00]} 36. Bd1 {[%emt 0:00:00]} d2 {[%emt 0:00:00]} 37. Kf1 {[%emt 0:00:00]} Rd4 {[%emt 0:00:00]} 38. Re7 {[%emt 0:00:01]} Rc4 {[%emt 0:00:01]} 39. Ke2 {[%emt 0:00:02]} Rc1 {[%emt 0:00:00]} 40. Re8+ {[%emt 0:00:01]} Kd7 {[%emt 0:00:01]} 41. Re4 {[%emt 0:00:00]} Ra1 {[%emt 0:00:00]} 42. f4 {[%emt 0:00:00]} Bh4 {[%emt 0:00:01]} 43. Kxd2 {[%emt 0:00:00]} Be1+ {[%emt 0:00:00]} 44. Rxe1 {[%emt 0:00:01]} Rxa3 {[%emt 0:00:00]} 45. Ba4+ {[%emt 0:00:00] Time (Lag: Av=0.83s, max=1.3s) '} 1-0

[Event "Stay Safe Play From Home 287"]
[Site "Emanuel Lasker Arena"]
[Date "2020.07.08"]
[Round "9"]
[White "Lazieri3"]
[Black "Sfantul321"]
[Result "0-1"]
[WhiteElo "2110"]
[BlackElo "1950"]
[Annotator "NA"]
[PlyCount "104"]
[EventDate "2020.07.08"]
[EventType "swiss (blitz)"]

1. e4 {[%emt 0:00:01]} g6 {[%emt 0:00:00]} 2. e5 {[%emt 0:00:01]} Bg7 {[%emt 0:00:00]} 3. d4 {[%emt 0:00:00]} d6 {[%emt 0:00:00]} 4. exd6 {[%emt 0:00:00]} cxd6 {[%emt 0:00:01]} 5. Be3 {[%emt 0:00:02]} Nf6 {[%emt 0:00:00]} 6. Qd2 {[%emt 0:00:01]} O-O {[%emt 0:00:00]} 7. Bh6 {[%emt 0:00:01]} Nc6 {[%emt 0:00:01]} 8. c3 {[%emt 0:00:01]} e5 {[%emt 0:00:01]} 9. d5 {[%emt 0:00:01]} Ne7 {[%emt 0:00:01]} 10. c4 {[%emt 0:00:01]} Nf5 {[%emt 0:00:01]} 11. Bxg7 {[%emt 0:00:01]} Nxg7 {[%emt 0:00:01]} 12. Nf3 {[%emt 0:00:01]} Ne4 {[%emt 0:00:01]} 13. Qe3 {[%emt 0:00:02]} Qa5+ {[%emt 0:00:01]} 14. Nc3 {[%emt 0:00:01]} Nxc3 {[%emt 0:00:01]} 15. Qxc3 {[%emt 0:00:00]} Qb6 {[%emt 0:00:01]} 16. Be2 {[%emt 0:00:02]} f5 {[%emt 0:00:02]} 17. O-O {[%emt 0:00:01]} Bd7 {[%emt 0:00:01]} 18. b3 {[%emt 0:00:02]} Rac8 {[%emt 0:00:01]} 19. Qd2 {[%emt 0:00:01]} Nh5 {[%emt 0:00:02]} 20. Ng5 {[%emt 0:00:01]} Nf4 {[%emt 0:00:01]} 21. Ne6 {[%emt 0:00:02]} Bxe6 {[%emt 0:00:01]} 22. dxe6 {[%emt 0:00:00]} Nxe6 {[%emt 0:00:01]} 23. Qd5 {[%emt 0:00:03]} Rfe8 {[%emt 0:00:01]} 24. Rad1 {[%emt 0:00:04]} Rcd8 {[%emt 0:00:01]} 25. Kh1 {[%emt 0:00:01]} Qc6 {[%emt 0:00:01]} 26. f4 {[%emt 0:00:01]} Qxd5 {[%emt 0:00:01]} 27. Rxd5 {[%emt 0:00:02]} Nd4 {[%emt 0:00:01]} 28. Bd1 {[%emt 0:00:04]} e4 {[%emt 0:00:02]} 29. h3 {[%emt 0:00:01]} Nc6 {[%emt 0:00:03]} 30. a3 {[%emt 0:00:04]} e3 {[%emt 0:00:01]} 31. Re1 {[%emt 0:00:01]} Re7 {[%emt 0:00:02]} 32. Bf3 {[%emt 0:00:01]} a6 {[%emt 0:00:03]} 33. Rd3 {[%emt 0:00:01]} Rde8 {[%emt 0:00:02]} 34. Bxc6 {[%emt 0:00:01]} bxc6 {[%emt 0:00:01]} 35. Rxd6 {[%emt 0:00:00]} e2 {[%emt 0:00:01]} 36. Rd2 {[%emt 0:00:01]} Re3 {[%emt 0:00:01]} 37. Kg1 {[%emt 0:00:03]} R3e4 {[%emt 0:00:02]} 38. g3 {[%emt 0:00:01]} Re3 {[%emt 0:00:01]} 39. Kf2 {[%emt 0:00:00]} Rxb3 {[%emt 0:00:01]} 40. Rdxe2 {[%emt 0:00:00]} Rxe2+ {[%emt 0:00:01]} 41. Rxe2 {[%emt 0:00:00]} Rxa3 {[%emt 0:00:00]} 42. Re7 {[%emt 0:00:00]} h5 {[%emt 0:00:01]} 43. Ra7 {[%emt 0:00:00]} c5 {[%emt 0:00:01]} 44. h4 {[%emt 0:00:01]} Ra2+ {[%emt 0:00:01]} 45. Kf3 {[%emt 0:00:01]} Ra3+ {[%emt 0:00:00]} 46. Kf2 {[%emt 0:00:01]} a5 {[%emt 0:00:00]} 47. Kg2 {[%emt 0:00:02]} a4 {[%emt 0:00:01]} 48. Kh3 {[%emt 0:00:01]} Ra1 {[%emt 0:00:02]} 49. Rc7 {[%emt 0:00:00]} a3 {[%emt 0:00:01]} 50. Rxc5 {[%emt 0:00:00]} a2 {[%emt 0:00:00]} 51. Ra5 {[%emt 0:00:00]} Rh1+ {[%emt 0:00:01]} 52. Kg2 {[%emt 0:00:01]} a1=Q {[%emt 0:00:00] Time (Lag: Av=0.40s, max=0.6s)} 0-1

[Event "Stay Safe Play From Home 287"]
[Site "Emanuel Lasker Arena"]
[Date "2020.07.08"]
[Round "9"]
[White "NeatFox"]
[Black "Lamborghini"]
[Result "0-1"]
[WhiteElo "1979"]
[BlackElo "2174"]
[PlyCount "68"]
[EventDate "2020.07.08"]
[EventType "swiss (blitz)"]

1. g4 {[%emt 0:00:01]} e5 {[%emt 0:00:01]} 2. Bg2 {[%emt 0:00:00]} d6 {[%emt 0:00:00]} 3. Nc3 {[%emt 0:00:03]} c6 {[%emt 0:00:03]} 4. h3 {[%emt 0:00:01]} h5 {[%emt 0:00:02]} 5. gxh5 {[%emt 0:00:01]} Nf6 {[%emt 0:00:00]} 6. Ne4 {[%emt 0:00:03]} Nxh5 {[%emt 0:00:01]} 7. d4 {[%emt 0:00:01]} d5 {[%emt 0:00:01]} 8. Ng5 {[%emt 0:00:02]} e4 {[%emt 0:00:01]} 9. f3 {[%emt 0:00:02]} Be7 {[%emt 0:00:02]} 10. h4 {[%emt 0:00:01]} f6 {[%emt 0:00:01]} 11. N5h3 {[%emt 0:00:04]} Ng3 {[%emt 0:00:01]} 12. Rh2 {[%emt 0:00:01]} Rxh4 {[%emt 0:00:02]} 13. fxe4 {[%emt 0:00:02]} dxe4 {[%emt 0:00:01]} 14. Be3 {[%emt 0:00:04]} Qb6 {[%emt 0:00:06]} 15. b3 {[%emt 0:00:04]} Bb4+ {[%emt 0:00:03]} 16. Kf2 {[%emt 0:00:07]} Bd6 {[%emt 0:00:01]} 17. d5 {[%emt 0:00:04]} Bc5 {[%emt 0:00:02]} 18. Bxc5 {[%emt 0:00:02]} Qxc5+ {[%emt 0:00:00]} 19. e3 {[%emt 0:00:01]} Nf5 {[%emt 0:00:02]} 20. Qd2 {[%emt 0:00:02]} Qd6 {[%emt 0:00:01]} 21. Rh1 {[%emt 0:00:01]} Qg3+ {[%emt 0:00:01]} 22. Kf1 {[%emt 0:00:00]} Nxe3+ {[%emt 0:00:01]} 23. Ke2 {[%emt 0:00:02]} Nxg2 {[%emt 0:00:03]} 24. Nf2 {[%emt 0:00:03]} Rxh1 {[%emt 0:00:02]} 25. Nxh1 {[%emt 0:00:00]} Qg4+ {[%emt 0:00:01]} 26. Kf1 {[%emt 0:00:03]} Nf4 {[%emt 0:00:01]} 27. Qf2 {[%emt 0:00:01]} e3 {[%emt 0:00:01]} 28. Qxe3+ {[%emt 0:00:01]} Kf7 {[%emt 0:00:01]} 29. Qf2 {[%emt 0:00:01]} Nxd5 {[%emt 0:00:01]} 30. Ne2 {[%emt 0:00:00]} Bf5 {[%emt 0:00:01]} 31. Nhg3 {[%emt 0:00:00]} Qh3+ {[%emt 0:00:01]} 32. Qg2 {[%emt 0:00:01]} Qxg2+ {[%emt 0:00:02]} 33. Kxg2 {[%emt 0:00:00]} Bg6 {[%emt 0:00:00]} 34. Kf2 {[%emt 0:00:00]} Nd7 {[%emt 0:00:01]} 0-1

[Event "Stay Safe Play From Home 287"]
[Site "Emanuel Lasker Arena"]
[Date "2020.07.08"]
[Round "9"]
[White "Trotsky"]
[Black "Mepe_Nika"]
[Result "0-1"]
[WhiteElo "1600"]
[BlackElo "2381"]
[Annotator "TA"]
[PlyCount "42"]
[EventDate "2020.07.08"]
[EventType "swiss (blitz)"]

{[%evp 11,42,-8,0,-62,-54,-60,-47,-91,-76,-116,-29,-39,-46,-147,-147,-159,-160,-216,-213,-260,-255,-278,-287,-807,-765,-1741,-1588,-2272,-1570,-2302,-1852,-29988,-29986]} 1. d4 c5 2. e3 cxd4 3. exd4 d5 4. c4 Nf6 5. Nc3 g6 6. Nf3 Bg7 7. Qc2 {B14: Caro-Kann: Panov-Botvinnik Attack with 5...e6 and 5...g6.} ({White should play} 7. cxd5 $11 Nxd5 8. Qb3) 7... O-O 8. Be3 Nc6 9. a3 {[#] Black is slightly better.} Bf5 $146 ({Predecessor:} 9... Be6 10. c5 Ne4 11. h3 Kh8 12. Bd3 f5 13. Ne2 h6 14. h4 Bf7 15. Qc1 Kh7 {0-1 (32) Mambe,L-Klasan,V (2365) Tromsoe 2014}) 10. Bd3 Bxd3 (10... Bg4 $17 {...Bxf3 is the strong threat.} 11. Rd1 Bxf3 12. gxf3 e6) 11. Qxd3 $11 dxc4 12. Qc2 (12. Qxc4 $15 Na5 13. Qd3) 12... Rc8 $17 13. h4 h5 14. O-O-O (14. O-O $17) 14... Nd5 $19 15. Ng5 {[#]} b5 $1 {[%cal Bb7b5,Bb5b4][%mdl 544]} 16. g4 {White wants to play gxh5.} (16. Nxb5 Rb8) 16... b4 ({Weaker is} 16... hxg4 17. h5 $17) 17. gxh5 $2 (17. Nxd5 Qxd5 18. gxh5) 17... bxc3 18. Qb1 cxb2+ 19. Kd2 c3+ 20. Ke1 Nxe3 21. hxg6 {[#]} c2 $1 {[%mdl 64] Double Attack. Accuracy: White = 25%, Black = 84%.} 0-1

[Event "Stay Safe Play From Home 287"]
[Site "Emanuel Lasker Arena"]
[Date "2020.07.08"]
[Round "9"]
[White "Mandy"]
[Black "Greblah"]
[Result "0-1"]
[WhiteElo "901"]
[BlackElo "1859"]
[Annotator "NA"]
[PlyCount "42"]
[EventDate "2020.07.08"]
[EventType "swiss (blitz)"]

1. d4 {[%emt 0:00:02]} c6 {[%emt 0:00:00]} 2. Bf4 {[%emt 0:00:01]} d5 {[%emt 0:00:00]} 3. e3 {[%emt 0:00:01]} Nf6 {[%emt 0:00:01]} 4. Nf3 {[%emt 0:00:01]} Bg4 {[%emt 0:00:01]} 5. h3 {[%emt 0:00:02]} Bh5 {[%emt 0:00:01]} 6. Be2 {[%emt 0:00:02]} e6 {[%emt 0:00:01]} 7. c3 {[%emt 0:00:01]} Bd6 {[%emt 0:00:01]} 8. Ne5 {[%emt 0:00:05]} Bxe2 {[%emt 0:00:02]} 9. Qxe2 {[%emt 0:00:02]} Bxe5 {[%emt 0:00:00]} 10. Bxe5 {[%emt 0:00:02]} Nbd7 {[%emt 0:00:00]} 11. Bxf6 {[%emt 0:00:03]} Nxf6 {[%emt 0:00:01]} 12. Nd2 {[%emt 0:00:03]} O-O {[%emt 0:00:00]} 13. O-O {[%emt 0:00:01]} Qc7 {[%emt 0:00:01]} 14. f3 {[%emt 0:00:09]} e5 {[%emt 0:00:01]} 15. f4 {[%emt 0:00:03]} exd4 {[%emt 0:00:01]} 16. Nf3 {[%emt 0:00:05]} Rfe8 {[%emt 0:00:00]} 17. Ne5 {[%emt 0:00:07]} Rxe5 {[%emt 0:00:03]} 18. fxe5 {[%emt 0:00:02]} Qxe5 {[%emt 0:00:01]} 19. e4 {[%emt 0:00:03]} Qxe4 {[%emt 0:00:02]} 20. Rfe1 {[%emt 0:00:03]} Qxe2 {[%emt 0:00:01]} 21. Rxe2 {[%emt 0:00:02]} dxc3 {[%emt 0:00:01] Zeit (Lag: Av=0.36s, max=0.4s)} 0-1